000 00814nam a22002537a 4500
003 OSt
005 20220418092847.0
008 110301s2021 dr c 000 0 spa d
020 _a9789945608786
040 _aDO-SdBNP
_bspa
_cBNPHU
082 _axxxx
_bA347M
100 1 _aAlcántara Almànzar, José
_953018
_d1946-
245 1 0 _aManuel rueda, único /
_cJosé Alcántara Almánzar
260 _aSan Juan, Puerto Rico :
_bIsla Negra,
_c2021.
300 _a211 p. :
_bretr.
_c23 cm.
490 1 _aVisiones y cegueras
500 _aIncluye datos biográficos del autor en la solapa de la portada.
500 _aIncluye índice onomástico
504 _aBibliografía p: 203-206
590 _aInventariado, 2022/ YL
830 0 _nVisiones y cegueras
_91120
910 _aYLockward
942 _2ddc
_cLBS1
999 _c51537
_d51537